| 000 | 00520nam a22001932 4500 | ||
|---|---|---|---|
| 001 | 0000005280 | ||
| 005 | 20170406120513.0 | ||
| 008 | 141210s xx 000 0 eng d | ||
| 020 | _c$ | ||
| 040 |
_aYour Holding Symbol _cYour Holding Symbol |
||
| 100 | 1 | _aBradley,Keith. | |
| 245 | 1 | 0 |
_aPhone wars : _bthe story of mercury communications. |
| 250 | _a ed. | ||
| 260 |
_alondon : _bCentury, _c1992. |
||
| 300 |
_a251 p. ; _c cm. |
||
| 504 | _aindex. | ||
| 650 | 0 | _aphone wars. | |
| 908 | _a141210 | ||
| 999 |
_c5082 _d5082 |
||